Sociální politika Evropského společenství v procesu sjednocování vnitřního trhu /

Hlavní autor: Kociánová, Helena
Jazyk: Čeština
Vydáno: Praha : Ekonomický ústav AV ČR, 1993
Edice: Studie ; č. 30
Fyzický popis: 56 s.
Knihy
Uloženo v:
LEADER 00793nam a2200229 a 4500
001 000011077
003 CZ BrMZK
005 20120113080902.0
007 ta
008 930505s1993 xr f cze d
020 |c 20.00 
040 |a BOA001  |b cze 
100 1 |a Kociánová, Helena  |7 jx20071026017  |4 aut 
245 1 0 |a Sociální politika Evropského společenství v procesu sjednocování vnitřního trhu /  |c Helena Kociánová 
260 |a Praha :  |b Ekonomický ústav AV ČR,  |c 1993 
300 |a 56 s. 
490 1 |a Studie ;  |v č. 30 
504 |a Obsahuje bibliografii 
810 2 |a Ekonomický ústav (Československá akademie věd).  |t Studie  |0 s 
910 |a BOA001  |b 2-0989.784 
990 |a BK 
996 6 |b 2619909406  |c 2-0989.784  |l MZK  |r Sklad / do 1 hodiny  |n 21  |w 000011077  |u 000020  |a 1  |e BOA001  |j MZK50  |s P